书目信息 |
| 题名: |
诗经今注
|
|
| 作者: | 高亨 注 | |
| 分册: | ||
| 出版信息: | 上海 上海古籍出版社 1980 |
|
| 页数: | 535页 | |
| 开本: | 21cm | |
| 丛书名: | 中国古典文学丛书 | |
| 单 册: | ||
| 中图分类: | I222.2 | |
| 科图分类: | ||
| 主题词: | ||
| 电子资源: | ||
| ISBN: | ||
| 000 | 00695nam2 2200265 45 | |
| 001 | 0180008335 | |
| 005 | 20040415212332.2 | |
| 010 | @dCNY2.00 | |
| 091 | @a10186.223 | |
| 100 | @a19950517d1980 em y0chiy0121 ea | |
| 101 | 0 | @achi |
| 102 | @aCN@b310000 | |
| 105 | @ay z 000gy | |
| 106 | @ar | |
| 200 | 10 | @a诗经今注@Ashi jing jin zhu@f高亨注 |
| 210 | @a上海@c上海古籍出版社@d1980 | |
| 215 | @a535页@d21cm | |
| 225 | 2 | @a中国古典文学丛书 |
| 410 | 0 | @120010@a中国古典文学丛书 |
| 605 | @a诗经@x译文 | |
| 690 | @aI222.2@v3 | |
| 701 | 0 | @a高亨@Agao heng@4注 |
| 801 | 0 | @aCN@b上海图书馆@c20040415 |
| 801 | 2 | @aCN@bNLC@c20040415 |
| 905 | @f1@f1@b134811@b174116@dI222.2@e213@b134814@f1 | |
| 诗经今注/高亨注.-上海:上海古籍出版社,1980 |
| 535页;21cm.-(中国古典文学丛书) |
| ISBN :CNY2.00 |
| ● |
| 相关链接 |
|
|
|
|
正题名:诗经今注
索取号:I222.2/213
 
预约/预借
| 序号 | 登录号 | 条形码 | 馆藏地/架位号 | 状态 | 备注 |
| 1 | 0134811 | 000974529 | 密集书库/ [索取号:I222.2/213] | 在馆 | |
| 2 | 0134814 | 000974486 | 密集书库/ [索取号:I222.2/213] | 在馆 | |
| 3 | 0174116 | 000974609 | 密集书库/ [索取号:I222.2/213] | 在馆 |